00751nam a2200217 a 4500001001000000005001700010008004100027050002000068100003700088245012100125260007100246300002400317500002400341500003300365500000800398504003200406600003200438650001500470650002300485650002500508BRCA_293620190320204032.0151208s1943----mx-a---###---#000-0#spa-# 4aQB43b.M39 19431 aMaza, Francisco de lad1913-197210aEnrico Martinezbcosmografo e impresor de la Nueva EspañacFrancisco de la Maza; prologo Federico Gomez de Orozco. aMéxicobSociedad Méxicana de Geografía y Estadísticac1943 a174 p.bil.c21 cm. aIncluye apéndices aEjemplar numerado 236 de 500 aB74 aBibliografía : p. 165-16914aMartinez, Enricod1555-163214aAstronomos14aImprentazMéxico14aImpresoreszMéxico